Neuro-fuzzy techniques for intelligent information systems

Αποθηκεύτηκε σε:
Λεπτομέρειες βιβλιογραφικής εγγραφής
Άλλοι συγγραφείς: Kasabov, Nikola K. (Επιμελητής έκδοσης), Kozma, Robert (Επιμελητής έκδοσης)
Μορφή: Βιβλίο
Γλώσσα:English
Δημοσίευση: Heidelberg : Physica-Verlag, c1999
Σειρά:Studies in fuzziness and soft computing ; ; 30
Θέματα:
Ετικέτες: Προσθήκη ετικέτας
Δεν υπάρχουν, Καταχωρήστε ετικέτα πρώτοι!

MARC

LEADER 00000nam a2200000 i 4500
001 1/16147
008 010122s1999 eng d
020 |a 3-7908-1187-4 
035 |l 10065672 
040 |a GR-MY-UA  |b gre  |e aacr 
041 0 |a eng 
082 0 |a 006.32 
245 1 0 |a Neuro-fuzzy techniques for intelligent information systems /  |c Nikola Kasabov, Robert Kozma (Eds.) 
260 |a Heidelberg :   |b Physica-Verlag,   |c c1999 
300 |a xi, 449 σ.;  |b εικ.;  |c 24 εκ. 
490 1 |a Studies in fuzziness and soft computing  |v ; 30 
500 |a "With 169 figures and 54 tables". 
504 |a Περιλαμβάνει βιβλιογραφίες 
650 0 0 |a Neural networks (Computer science) 
650 0 0 |a Fuzzy systems. 
650 0 0 |a Expert systems (Computer science) 
700 1 |a Kasabov, Nikola K.  |4 edt 
700 1 |a Kozma, Robert.  |4 edt 
830 0 |a Studies in fuzziness and soft computing ;  |v ; 30 
852 |a INST  |b SYROS  |e 20010122  |h 006.32 NEU  |p 005500001595  |q 005500001595  |t BK  |y 0 
901 |a BIBL5-2001-1 
909 |a Ε  |b 084481 
922 |a 5ΕΛΗ  |b 200012  |c ΓΡΑΦΙΚΩΝ ΤΕΧΝΩΝ  |d ΜΙΧΑΛΟΠΟΥΛΟΣ 
950 |a 183-2000-12-09 
970 |a ΚΟΝΤΟΥ  |b ΠΑΡΑΣΚΕΥΗ  |z 2001/01/24